000 00964naa a22002777a 4500
001 BR7502404
003 BR-BrBNA
005 20240918173725.0
007 ta
008 230509b bl.||||| |||| 00| 0 por d
040 _aBR-BrBNA
_bpor
_cBiblioteca Nacional de Agricultura
041 _a(Pt)
072 _aE10
_b/G514
090 _aE10 BR7502404
100 1 _aCoutinho, A.A.A.
245 1 _aA politica fiscal do estado de Goias [Brasil]
260 3 _aGoiania, GO (Brasil):
_bEd. Oriente,
_c1975.
500 _aCiclo de conferencias sobre integracao e desenvolvimento Goiania, GO (Brasil): Ed. Oriente, 1975. v. 1 p. 181-222 (BR7502404-AM)E10
650 _aMacroeconomia
650 _aPolitica fiscal
650 _aIncentivo fiscal
650 _aGoias
773 0 _tCiclo de conferencias sobre integracao e desenvolvimento
_wE10 BR7502404
_gGoiania, GO (Brasil), 1975. v. 1 p. 181-222
909 _a202404
_bLucia
_c55
_dLucia Elande
942 _cAM
_2AGRIS
999 _c306462
_d306462